000
00264nam a2200097Ia 4500
008
230907s9999||||xx |||||||||||||| ||und||
082
_a
621.3822
_b
SON
245
0
_a
Digital signal processing in power electronics control circuits /
300
_a
340 p.
942
_c
BK
999
_c
600033
_d
600033